=LDR 00000nam 2200000 4500 =001 INLIS000000000023985 =005 20130612122611 =008 ***********************************Ind** =035 ##$$0010-061300000023985 =041 ##$$a Ind =082 ##$$a 380.52 =090 ##$$a 380.52, Cah k =100 ##$$a Cakranigara, Sugiyatna =245 ##$$a Hukum pengngkutan barang dan penumpang, Sugiyatn Cakraniagara SH =260 ##$$a 1995 $b Jakarta =300 ##$$a 540 hlm, 21 cm =650 ##$$a Pengangkutan barang =850 ##$$a NBPNMAT